000
00196nam a22000977a 4500
003
SGT
245
_a
JOURNAL OF FORENSIC SCIENCES
260
_b
ASTM NEW YORK
_c
2011
300
_a
836
942
_2
ddc
_c
BV
999
_c
19280
_d
19280